000 00926cab a2200253 4500
001 WB2939-19
008 090401t1993 xxu||||| |||| 00| 0 eng d
035 _a(Sirsi) u54009
041 _aeng
245 _aRelief from forfeiture
260 _c1993
350 _a0
490 _aEstates Gazette Case Summaries
_v(1993) EGCS 155 (1) (16.10.93)
520 _a"Billson and others v Residential Apartments Ltd" ChD 6 September 1993. While both parties agreed on an issue of possession, argument arose over its effective date and level of costs, half of which were finally awarded to the landlord on a standard basis. (See also WB2931-47).
650 _aBILLSON AND OTHERS V RESIDENTIAL APARTMENTS LTD
650 _aCOSTS
650 _aLEASES
650 _aRE-ENTRY
650 _aRELIEF FROM FORFEITURE
650 _aSTANDARD BASIS
690 _aLANDLORD AND TENANT-CASE LAW
942 _n0
948 _c04/03/1997
999 _c33135
_d33135